000
00218 a2200097 4500
001
42972
100
_a
Nehru
245
_a
Nehru a political biography
260
_a
London
_b
Oxford Univ press
_c
090
_c
26849
_d
26849
942
_a
NUST-CAE
_c
M
_c
18723
999
_c
278045
_d
278045